000 00703nam a2200241Ia 4500
003 OSt
005 20220926021012.0
006 a|||||r|||| 00| 0
007 ta
008 220923b |||||||| |||| 00| 0 eng d
020 _a0312005555
037 _cGeneral Book
040 _aRTL
_cRTL
_beng
041 _2eng
_aeng
082 _aYxM93:g, M6
100 _aWoldring Henk E S
_9325560
245 0 _aKarl Mannheim
_b The develoment of his thoughts
260 _aNew York
_bSt. Martin's Press
_c1986
300 _axi,450p
_ccm.
500 _aBibliography : P 410-444; Appendix : P 390-409
942 _hYxM93:g, M6
_cGB
_2CC
999 _c635442
_d635442